[Event "Berlin Lichtenrade op 06th"]
[Site "Berlin"]
[Date "2010.10.22"]
[Round "7"]
[White "Gremm, Albert Juergen"]
[Black "Lueders, Gerhard"]
[Result "1/2-1/2"]
[WhiteElo "1959"]
[BlackElo "2204"]
[PlyCount "59"]
[EventDate "2010.10.16"]
[EventType "swiss"]
[EventRounds "9"]
[EventCountry "GER"]
[SourceTitle "CBM 138 Extra"]
[Source "ChessBase"]
[SourceDate "2010.10.29"]
[SourceVersion "1"]
[SourceVersionDate "2010.10.29"]
[SourceQuality "1"]

1. e4 c5 2. d4 cxd4 3. Nf3 Nc6 4. Nxd4 Nf6 5. Nc3 d6 6. g3 Bg4 7. f3 Bd7 8. Bg2 g6 9. Be3 Bg7 10. Qd2 0-0 11. 0-0 Qc8 12. Nde2 Bh3 13. Bxh3 Qxh3 14. Nf4 Qd7 15. Nfd5 Nxd5 16. exd5 Ne5 17. Bh6 Nc4 18. Qf4 Bxh6 19. Qxh6 Nxb2 20. Rae1 Rac8 21. Re4 f5 22. Rh4 Rf7 23. Re1 Rxc3 24. Re6 Rg7 25. Rxg6 hxg6 26. Qh8+ Kf7 27. Rh7 Rxh7 28. Qxh7+ Kf6 29. Qh8+ Kf7 30. Qh7+ 1/2-1/2

[Event "GER-chT Seniors 19th"]
[Site "Eckernfoerde"]
[Date "2010.09.17"]
[Round "5.3"]
[White "Dushatskiy, Fedor"]
[Black "Lueders, Gerhard"]
[Result "0-1"]
[WhiteElo "2111"]
[BlackElo "2109"]
[PlyCount "44"]
[EventDate "2010.09.13"]
[EventType "team-swiss"]
[EventRounds "7"]
[EventCountry "GER"]
[SourceTitle "EXT 2011"]
[Source "ChessBase"]
[SourceDate "2010.11.26"]
[SourceVersion "1"]
[SourceVersionDate "2010.11.26"]
[SourceQuality "1"]
[WhiteTeam "Baden II"]
[BlackTeam "Berlin"]
[WhiteTeamCountry "GER"]
[BlackTeamCountry "GER"]

1. f4 c5 2. Nf3 Nc6 3. g3 d5 4. Bg2 g6 5. d3 Bg7 6. c3 Nf6 7. 0-0 0-0 8. Qe1 Bf5 9. Nh4 d4 10. Nxf5 gxf5 11. Na3 Rc8 12. Bd2 a6 13. c4 Qd6 14. Rb1 Ng4 15. b4 Ne3 16. Rf2 b6 17. b5 axb5 18. Nxb5 Qd7 19. Qc1 Ra8 20. a3 Nxg2 21. Kxg2 f6 22. Qc2 e5 0-1

[Event "GER-chT Seniors 19th"]
[Site "Eckernfoerde"]
[Date "2010.09.16"]
[Round "4.3"]
[White "Lueders, Gerhard"]
[Black "Rickers, Gerd"]
[Result "1-0"]
[WhiteElo "2109"]
[BlackElo "1894"]
[PlyCount "57"]
[EventDate "2010.09.13"]
[EventType "team-swiss"]
[EventRounds "7"]
[EventCountry "GER"]
[SourceTitle "EXT 2011"]
[Source "ChessBase"]
[SourceDate "2010.11.26"]
[SourceVersion "1"]
[SourceVersionDate "2010.11.26"]
[SourceQuality "1"]
[WhiteTeam "Berlin"]
[BlackTeam "Niedersachsen II"]
[WhiteTeamCountry "GER"]
[BlackTeamCountry "GER"]

1. g3 d5 2. f4 g6 3. Bg2 Bg7 4. Nf3 Nf6 5. 0-0 0-0 6. d3 c6 7. Qe1 Ng4 8. h3 Qb6+ 9. d4 Nf6 10. e3 Ne4 11. c4 f5 12. Ne5 Nd7 13. cxd5 cxd5 14. Nd2 Nxe5 15. dxe5 Bd7 16. Nb3 Bb5 17. Bxe4 dxe4 18. Rf2 Rac8 19. Bd2 Bc4 20. Nd4 Bd5 21. a4 a6 22. Bb4 Rfe8 23. a5 Qd8 24. Rc1 Qd7 25. Rfc2 Bf8 26. Bc5 e6 27. Qb4 Rxc5 28. Rxc5 Rc8 29. Rxc8 1-0

[Event "GER-chT Seniors 19th"]
[Site "Eckernfoerde"]
[Date "2010.09.15"]
[Round "3.3"]
[White "Biller, Helmut"]
[Black "Lueders, Gerhard"]
[Result "1-0"]
[WhiteElo "1988"]
[BlackElo "2109"]
[PlyCount "65"]
[EventDate "2010.09.13"]
[EventType "team-swiss"]
[EventRounds "7"]
[EventCountry "GER"]
[SourceTitle "EXT 2011"]
[Source "ChessBase"]
[SourceDate "2010.11.26"]
[SourceVersion "1"]
[SourceVersionDate "2010.11.26"]
[SourceQuality "1"]
[WhiteTeam "Hessen II"]
[BlackTeam "Berlin"]
[WhiteTeamCountry "GER"]
[BlackTeamCountry "GER"]

1. d4 g6 2. c4 Bg7 3. Nc3 f5 4. Nf3 Nf6 5. g3 0-0 6. Bg2 d6 7. 0-0 Qe8 8. d5 Na6 9. Qc2 Nc5 10. b3 e5 11. dxe6 Bxe6 12. Bb2 h6 13. Rad1 a6 14. Nd5 Bxd5 15. cxd5 a5 16. Nd4 Nfe4 17. a3 Rf7 18. Ba1 Re7 19. e3 h5 20. h4 Bh6 21. b4 axb4 22. axb4 Na6 23. Qb2 Kh7 24. Ne6 Rxe6 25. dxe6 Qxe6 26. Bxe4 fxe4 27. Qd4 Rf8 28. b5 Nb8 29. b6 Nc6 30. Qd5 Qg4 31. bxc7 Bxe3 32. Qxd6 Rxf2 33. Qd7+ 1-0

[Event "GER-chT Seniors 19th"]
[Site "Eckernfoerde"]
[Date "2010.09.13"]
[Round "1.3"]
[White "Mentel, Juergen"]
[Black "Lueders, Gerhard"]
[Result "1-0"]
[WhiteElo "2011"]
[BlackElo "2109"]
[PlyCount "97"]
[EventDate "2010.09.13"]
[EventType "team-swiss"]
[EventRounds "7"]
[EventCountry "GER"]
[SourceTitle "EXT 2011"]
[Source "ChessBase"]
[SourceDate "2010.11.26"]
[SourceVersion "1"]
[SourceVersionDate "2010.11.26"]
[SourceQuality "1"]
[WhiteTeam "Mecklenburg Vorpommern"]
[BlackTeam "Berlin"]
[WhiteTeamCountry "GER"]
[BlackTeamCountry "GER"]

1. e4 c5 2. Nf3 d6 3. d4 cxd4 4. Nxd4 Nf6 5. f3 e6 6. c4 d5 7. cxd5 exd5 8. Bb5+ Bd7 9. e5 Bb4+ 10. Bd2 Bc5 11. exf6 Bxd4 12. Qe2+ Kf8 13. Nc3 Be6 14. fxg7+ Kxg7 15. Qd3 Qf6 16. 0-0-0 Bf5 17. Qxd4 Qxd4 18. Bh6+ Kxh6 19. Rxd4 a6 20. Ba4 b5 21. Bb3 Nc6 22. Rxd5 Bg6 23. h4 Nb4 24. h5 Nxd5 25. hxg6+ Kg7 26. Nxd5 Rac8+ 27. Kd2 fxg6 28. Re1 Rhe8 29. Rxe8 Rxe8 30. Nc7 Rd8+ 31. Ke3 Kf6 32. Nxa6 Re8+ 33. Kd3 Rd8+ 34. Kc3 Ke5 35. g3 h5 36. Nb4 Rc8+ 37. Kd2 g5 38. Ke3 Kd6 39. Nd3 h4 40. gxh4 gxh4 41. f4 Rc7 42. Nf2 Rg7 43. Ne4+ Kc6 44. Be6 b4 45. f5 h3 46. f6 Rh7 47. f7 Rh5 48. Kf2 h2 49. Ng3 1-0

[Event "GER-ch Seniors 22nd"]
[Site "Berlin"]
[Date "2010.08.23"]
[Round "8"]
[White "Biller, Helmut"]
[Black "Lueders, Gerhard"]
[Result "0-1"]
[WhiteElo "2023"]
[BlackElo "2110"]
[PlyCount "82"]
[EventDate "2010.08.16"]
[EventType "swiss"]
[EventRounds "9"]
[EventCountry "GER"]
[SourceTitle "CBM 138 Extra"]
[Source "ChessBase"]
[SourceDate "2010.10.29"]
[SourceVersion "1"]
[SourceVersionDate "2010.10.29"]
[SourceQuality "1"]

1. d4 g6 2. c4 Bg7 3. Nc3 d6 4. e4 Nc6 5. Be3 e5 6. Nge2 Nf6 7. d5 Ne7 8. f3 c5 9. Qd2 h6 10. g4 a6 11. Ng3 Qa5 12. Be2 Rb8 13. a4 Bd7 14. Kf2 Qc7 15. h4 h5 16. g5 Nh7 17. Kg2 0-0 18. Bd3 b6 19. Rab1 a5 20. Nb5 Bxb5 21. axb5 Ra8 22. Ra1 Ra7 23. Ra4 Kh8 24. b3 Ng8 25. Bc2 Qd8 26. Rha1 f6 27. Nxh5 gxh5 28. g6 f5 29. gxh7 Nf6 30. exf5 e4 31. fxe4 Nxe4 32. Bxe4 Bxa1 33. Rxa1 Qxh4 34. Bf3 Rxf5 35. Bh6 Rxf3 36. Kxf3 Qg4+ 37. Ke3 Re7+ 38. Kd3 Qd4+ 39. Kc2 Qxa1 40. Qf4 Re2+ 41. Kd3 Qd1+ 0-1

[Event "GER-ch Seniors 22nd"]
[Site "Berlin"]
[Date "2010.08.17"]
[Round "2"]
[White "Schmidt, Manfred"]
[Black "Lueders, Gerhard"]
[Result "0-1"]
[WhiteElo "1890"]
[BlackElo "2110"]
[PlyCount "52"]
[EventDate "2010.08.16"]
[EventType "swiss"]
[EventRounds "9"]
[EventCountry "GER"]
[SourceTitle "CBM 138 Extra"]
[Source "ChessBase"]
[SourceDate "2010.10.29"]
[SourceVersion "1"]
[SourceVersionDate "2010.10.29"]
[SourceQuality "1"]

1. e4 c5 2. c3 Nf6 3. e5 Nd5 4. d4 cxd4 5. cxd4 d6 6. Nf3 Nc6 7. exd6 Qxd6 8. Nc3 Bg4 9. Nb5 Qe6+ 10. Be2 a6 11. Nc3 Bxf3 12. gxf3 Rd8 13. Ne4 Qc8 14. Be3 f5 15. Nc3 f4 16. Nxd5 Rxd5 17. Bxf4 Rxd4 18. Qc1 e5 19. Be3 Bb4+ 20. Kf1 Qh3+ 21. Kg1 Rd6 22. Bf1 Rg6+ 23. Bg5 Qh4 24. Bd3 Rxg5+ 25. Kf1 Qh3+ 26. Ke2 Nd4+ 0-1

[Event "GER Cup final"]
[Site "Halle"]
[Date "2010.05.14"]
[Round "3"]
[White "Jochens, Arne"]
[Black "Lueders, Gerhard"]
[Result "1-0"]
[WhiteElo "2252"]
[BlackElo "2235"]
[PlyCount "49"]
[EventDate "2010.05.13"]
[EventType "swiss"]
[EventRounds "5"]
[EventCountry "GER"]
[SourceTitle "CBM 136 Extra"]
[Source "ChessBase"]
[SourceDate "2010.07.02"]
[SourceVersion "2"]
[SourceVersionDate "2010.07.15"]
[SourceQuality "1"]

1. c4 Nf6 2. Nc3 e5 3. Nf3 Nc6 4. e4 Bc5 5. Nxe5 Nxe5 6. d4 Bb4 7. dxe5 Nxe4 8. Qf3 Ng5 9. Qg3 Ne6 10. Bd3 0-0 11. 0-0 Bxc3 12. bxc3 Re8 13. f4 d6 14. f5 Nf8 15. Bh6 g6 16. Bxf8 Rxf8 17. fxg6 fxg6 18. Bxg6 Kh8 19. Bxh7 Kxh7 20. Rxf8 Qxf8 21. Rf1 Qh6 22. Rf4 Bg4 23. Qxg4 dxe5 24. Qf5+ Kg8 25. Rg4+ 1-0

[Event "GER Cup final"]
[Site "Halle"]
[Date "2010.05.14"]
[Round "4"]
[White "Lueders, Gerhard"]
[Black "Muehlen, Thomas"]
[Result "1-0"]
[WhiteElo "2235"]
[BlackElo "1861"]
[PlyCount "115"]
[EventDate "2010.05.13"]
[EventType "swiss"]
[EventRounds "5"]
[EventCountry "GER"]
[SourceTitle "CBM 136 Extra"]
[Source "ChessBase"]
[SourceDate "2010.07.02"]
[SourceVersion "2"]
[SourceVersionDate "2010.07.15"]
[SourceQuality "1"]

1. d4 d5 2. c4 e6 3. Nc3 c6 4. e4 dxe4 5. Nxe4 Nf6 6. Nxf6+ Qxf6 7. Nf3 Bb4+ 8. Bd2 Bxd2+ 9. Qxd2 0-0 10. 0-0-0 Nd7 11. Bd3 e5 12. Ng5 g6 13. Ne4 Qf4 14. Qxf4 exf4 15. Rhe1 Kg7 16. h4 Nf6 17. Nxf6 Kxf6 18. Re4 Be6 19. Rxf4+ Kg7 20. b3 Rfd8 21. g4 a6 22. Be4 Rac8 23. Kb2 Rc7 24. Kc3 Rcd7 25. Bc2 h6 26. Re4 g5 27. hxg5 hxg5 28. Re5 Kf6 29. f3 Rh8 30. Be4 Rhd8 31. a4 Rd6 32. a5 R6d7 33. Rc5 Re7 34. Rd3 Bxg4 35. d5 cxd5 36. cxd5 Rd6 37. Kd4 Bh3 38. f4 Rxe4+ 39. Kxe4 Bf5+ 40. Kd4 Bxd3 41. fxg5+ Kxg5 42. Kxd3 Kf5 43. Kd4 Rd7 44. Rc1 Kf6 45. Rd1 Kg7 46. Kc5 f6 47. d6 Kf8 48. Kd5 Kf7 49. Rh1 f5 50. Ke5 f4 51. Rf1 Ke8 52. Rxf4 Rh7 53. Ke6 Rh8 54. Rf7 Rh6+ 55. Rf6 Rh8 56. d7+ Kd8 57. Kd6 Rg8 58. Re6 1-0

[Event "Berlin Hellersdorf op"]
[Site "Berlin"]
[Date "2010.01.09"]
[Round "3"]
[White "Lueders, Gerhard"]
[Black "Beran, Rolf Dietrich"]
[Result "1-0"]
[WhiteElo "2162"]
[BlackElo "1895"]
[PlyCount "77"]
[EventDate "2010.01.08"]
[EventType "swiss"]
[EventRounds "5"]
[EventCountry "GER"]
[SourceTitle "EXT 2012"]
[Source "ChessBase"]
[SourceDate "2011.11.24"]
[SourceVersion "1"]
[SourceVersionDate "2011.11.24"]
[SourceQuality "1"]

1. d4 c5 2. d5 e5 3. dxe6 fxe6 4. e4 Nc6 5. Nf3 d6 6. Nc3 Be7 7. Bc4 a6 8. a4 b6 9. 0-0 h6 10. Bf4 Nf6 11. Qd2 Nh5 12. Be3 0-0 13. Rad1 Kh7 14. Ne1 Ne5 15. Be2 Nf6 16. h3 Qc7 17. f4 Ng6 18. Bf3 Nh4 19. Be2 Bb7 20. g3 Ng6 21. Bf3 Rad8 22. Qg2 Ba8 23. Rf2 Nh8 24. Rfd2 Nf7 25. h4 e5 26. f5 Rh8 27. g4 Kg8 28. g5 hxg5 29. hxg5 Nh5 30. f6 Nxf6 31. gxf6 Bxf6 32. Be2 Qc6 33. Bc4 Kf8 34. Rf2 Rh4 35. Nf3 Ke8 36. Qg6 Rh8 37. Ng5 Bxg5 38. Bxf7+ Kd7 39. Bxg5 1-0

[Event "Berlin op 07"]
[Site "Berlin"]
[Date "2009.07.24"]
[Round "7"]
[White "Lueders, Gerhard"]
[Black "Figura, Atila Gajo"]
[Result "1/2-1/2"]
[WhiteElo "2254"]
[BlackElo "2436"]
[PlyCount "123"]
[EventDate "2009.07.18"]
[EventType "swiss"]
[EventRounds "9"]
[EventCountry "GER"]
[SourceTitle "CBM 131 Extra"]
[Source "ChessBase"]
[SourceDate "2009.09.03"]
[SourceVersion "2"]
[SourceVersionDate "2009.09.16"]
[SourceQuality "1"]

1. d4 Nf6 2. Nf3 e6 3. e3 b6 4. Nbd2 Bb7 5. Bd3 c5 6. c3 Nc6 7. a3 d5 8. 0-0 Bd6 9. e4 cxd4 10. cxd4 dxe4 11. Nxe4 Nd5 12. Bg5 Be7 13. Rc1 0-0 14. Bb1 Rc8 15. Re1 Bxg5 16. Nexg5 Nf6 17. Ne5 h6 18. Ne4 Nd5 19. Nc4 Nce7 20. Ned6 Rc7 21. Qd3 Nf6 22. Nxb7 Rxb7 23. Ne5 Rc7 24. Rcd1 Qd6 25. Ng4 Ned5 26. Re5 Rd8 27. h3 Kf8 28. Qf3 Rdc8 29. g3 Rc1 30. Ree1 Rxd1 31. Rxd1 Nxg4 32. Qxg4 Nf6 33. Qf3 Qc6 34. Qe2 Kg8 35. Qd2 Rd8 36. Qe2 a5 37. Bc2 Rd6 38. Bb1 Qd7 39. Qe3 Nd5 40. Qe4 f5 41. Qe5 Kh8 42. Ba2 Ne7 43. Qe3 Nc6 44. d5 Ne7 45. Qe5 Nxd5 46. Rd4 Kh7 47. g4 g6 48. gxf5 gxf5 49. Kf1 Qb5+ 50. Bc4 Qc5 51. Bxd5 Rxd5 52. Rxd5 Qxd5 53. Qc7+ Kg6 54. Qxb6 f4 55. Ke2 Qe4+ 56. Kd2 a4 57. Qb4 Qf3 58. Qd4 Qxh3 59. Qxa4 Qf3 60. Qd4 Kf7 61. a4 e5 62. Qd7+ 1/2-1/2

[Event "Berlin op 07"]
[Site "Berlin"]
[Date "2009.07.20"]
[Round "3"]
[White "Sechting, Martin"]
[Black "Lueders, Gerhard"]
[Result "1/2-1/2"]
[WhiteElo "2097"]
[BlackElo "2254"]
[PlyCount "66"]
[EventDate "2009.07.18"]
[EventType "swiss"]
[EventRounds "9"]
[EventCountry "GER"]
[SourceTitle "CBM 131 Extra"]
[Source "ChessBase"]
[SourceDate "2009.09.03"]
[SourceVersion "2"]
[SourceVersionDate "2009.09.16"]
[SourceQuality "1"]

1. e3 d5 2. c4 e6 3. Nf3 Nf6 4. d4 c6 5. Bd3 Nbd7 6. 0-0 Bd6 7. Nc3 0-0 8. b3 e5 9. cxd5 cxd5 10. e4 exd4 11. Nxd5 h6 12. Nxf6+ Qxf6 13. Bb2 Ne5 14. Nxe5 Bxe5 15. g3 g5 16. f4 gxf4 17. Bc1 Bh3 18. Rf2 Qg6 19. Bxf4 f6 20. Qd2 Kg7 21. Qb4 Rf7 22. Rc1 b6 23. Bxe5 fxe5 24. Rxf7+ Qxf7 25. Qd6 Qf6 26. Rc7+ Kg6 27. Qd5 Rd8 28. Qb7 Rf8 29. Qc6 Be6 30. Qc2 Qg5 31. Qc1 Qg4 32. Rc6 Rf6 33. Bc4 Qf3 1/2-1/2

[Event "Berlin op 07"]
[Site "Berlin"]
[Date "2009.07.19"]
[Round "2"]
[White "Lueders, Gerhard"]
[Black "Costello, Colin"]
[Result "1-0"]
[WhiteElo "2254"]
[BlackElo "2038"]
[PlyCount "85"]
[EventDate "2009.07.18"]
[EventType "swiss"]
[EventRounds "9"]
[EventCountry "GER"]
[SourceTitle "CBM 131 Extra"]
[Source "ChessBase"]
[SourceDate "2009.09.03"]
[SourceVersion "2"]
[SourceVersionDate "2009.09.16"]
[SourceQuality "1"]

1. d4 d5 2. Nf3 Nf6 3. e3 e6 4. Bd3 c5 5. c3 Be7 6. Ne5 Nc6 7. f4 Qc7 8. Nd2 b6 9. Qa4 Bb7 10. Bb5 Rc8 11. Qxa7 0-0 12. Bxc6 Bxc6 13. Qxc7 Rxc7 14. Nxc6 Rxc6 15. Ke2 Nd7 16. Nf3 f6 17. Bd2 e5 18. dxe5 fxe5 19. fxe5 Re6 20. Be1 Nxe5 21. Nxe5 Rxe5 22. Bg3 Re4 23. Rad1 Bg5 24. Rxd5 Rxe3+ 25. Kd1 h6 26. Re1 Rxe1+ 27. Kxe1 Bc1 28. b3 Bb2 29. Kd2 Rf1 30. Kc2 Ba3 31. Rd1 Rf6 32. Rd8+ Rf8 33. Rxf8+ Kxf8 34. Bc7 b5 35. Bf4 c4 36. b4 Ke7 37. h4 h5 38. Be5 g6 39. Bf4 Ke6 40. Bc1 Bxc1 41. Kxc1 Kf5 42. a4 bxa4 43. b5 1-0

[Event "Berlin-ch Seniors op 25th"]
[Site "Berlin"]
[Date "2009.02.18"]
[Round "7"]
[White "Hoffmann, Peter2222"]
[Black "Lueders, Gerhard"]
[Result "0-1"]
[WhiteElo "2048"]
[BlackElo "2211"]
[PlyCount "66"]
[EventDate "2009.02.12"]
[EventType "swiss"]
[EventRounds "9"]
[EventCountry "GER"]
[SourceTitle "EXT 2022"]
[Source "ChessBase"]
[SourceDate "2021.10.06"]
[SourceVersion "1"]
[SourceVersionDate "2021.10.06"]
[SourceQuality "1"]

1. d4 Nf6 2. c4 e6 3. Nc3 d5 4. cxd5 exd5 5. Bg5 Be7 6. e3 0-0 7. Bd3 Re8 8. Nge2 c6 9. Qc2 Nbd7 10. 0-0 Nf8 11. f3 h6 12. Bh4 c5 13. Rad1 c4 14. Bf5 a6 15. a4 Qa5 16. e4 Bxf5 17. exf5 N8d7 18. Nf4 Bb4 19. Rfe1 Rac8 20. Bxf6 Nxf6 21. Re5 Bd6 22. Nfxd5 Bxe5 23. dxe5 Nxd5 24. Rxd5 Rc5 25. Qe4 Rxd5 26. Nxd5 Qxa4 27. e6 fxe6 28. fxe6 Qd1+ 29. Kf2 Qd2+ 30. Kg3 Qd3 31. Qe5 Qg6+ 32. Kf2 Qxe6 33. Qe3 b5 0-1

[Event "Berlin-ch Seniors op 25th"]
[Site "Berlin"]
[Date "2009.02.13"]
[Round "2"]
[White "Lueders, Gerhard"]
[Black "Mayer, Herbert"]
[Result "1-0"]
[WhiteElo "2211"]
[BlackElo "1901"]
[PlyCount "57"]
[EventDate "2009.02.12"]
[EventType "swiss"]
[EventRounds "9"]
[EventCountry "GER"]
[SourceTitle "EXT 2022"]
[Source "ChessBase"]
[SourceDate "2021.10.06"]
[SourceVersion "1"]
[SourceVersionDate "2021.10.06"]
[SourceQuality "1"]

1. b3 Nf6 2. Bb2 g6 3. e4 Bg7 4. e5 Nd5 5. c4 Nb6 6. c5 Nd5 7. Bc4 e6 8. Nf3 Qe7 9. d4 b6 10. Bxd5 exd5 11. Nc3 Bb7 12. Ba3 Na6 13. b4 c6 14. b5 Nc7 15. Qb3 Bf8 16. 0-0 Nxb5 17. Nxb5 cxb5 18. c6 Qxa3 19. cxb7 Rb8 20. Qxd5 Bh6 21. Rab1 Qa6 22. Qd6 Qxb7 23. d5 Rc8 24. e6 Qc7 25. exd7+ Qxd7 26. Rfe1+ Kd8 27. Qf6+ Kc7 28. Re7 Rcd8 29. Ne5 1-0

[Event "Berlin Lichtenrade op 04th"]
[Site "Berlin"]
[Date "2008.10.19"]
[Round "2"]
[White "Bachran, Boris"]
[Black "Lueders, Gerhard"]
[Result "0-1"]
[WhiteElo "1960"]
[BlackElo "2219"]
[PlyCount "146"]
[EventDate "2008.10.18"]
[EventType "swiss"]
[EventRounds "9"]
[EventCountry "GER"]
[SourceTitle "CBM 126 Extra"]
[Source "ChessBase"]
[SourceDate "2008.11.05"]
[SourceVersion "1"]
[SourceVersionDate "2008.11.05"]
[SourceQuality "1"]

1. d4 d5 2. Nf3 Nf6 3. c3 e6 4. Bf4 Ne4 5. Nbd2 g5 6. Nxe4 gxf4 7. Ned2 Nd7 8. g3 Qf6 9. gxf4 Qxf4 10. e3 Qf5 11. Qb1 Qxb1+ 12. Nxb1 f5 13. Rg1 Nf6 14. Nbd2 Bd6 15. h3 Bd7 16. Be2 0-0-0 17. Ne5 Rhg8 18. 0-0-0 Rdf8 19. f4 Be8 20. Nef3 Bh5 21. Rxg8 Rxg8 22. Rg1 Rxg1+ 23. Nxg1 Bf7 24. b4 c6 25. Kc2 Kd8 26. Ndf3 Be8 27. Nd2 Ke7 28. Bf3 b6 29. a3 c5 30. Ne2 a5 31. Kb3 Ne4 32. Bxe4 c4+ 33. Kc2 fxe4 34. Nf1 Kf6 35. Neg3 Kg6 36. Kd2 Be7 37. Ke2 Bh4 38. Kf2 Ba4 39. Nh2 h5 40. Nhf1 Bc2 41. Ke1 Bd3 42. Kd2 Kh6 43. Kd1 Be7 44. Nd2 Kg6 45. Kc1 Kf7 46. Kd1 Bh4 47. Ndf1 Ke7 48. Kd2 Kd6 49. Ne2 Kc6 50. bxa5 b5 51. Nfg3 Bxe2 52. Nxe2 Be7 53. f5 exf5 54. Nf4 Bd6 55. Nxh5 Bxa3 56. a6 b4 57. cxb4 Bxb4+ 58. Kc2 Bd6 59. Nf6 Bb8 60. Nh5 Kb5 61. Nf4 Kxa6 62. Nxd5 Bg3 63. Kc3 Kb5 64. Nc7+ Kc6 65. Ne6 Kd5 66. Nf4+ Bxf4 67. exf4 e3 68. h4 Ke4 69. h5 e2 70. Kd2 Kf3 71. Ke1 c3 72. h6 Ke3 73. h7 c2 0-1

[Event "GER-chT Seniors 17th"]
[Site "Berlin"]
[Date "2008.09.04"]
[Round "5"]
[White "Seeck, Klaus"]
[Black "Lueders, Gerhard"]
[Result "1/2-1/2"]
[WhiteElo "2150"]
[BlackElo "2237"]
[PlyCount "76"]
[EventDate "2008.08.31"]
[EventType "team-swiss"]
[EventRounds "7"]
[EventCountry "GER"]
[SourceTitle "CBM 126 Extra"]
[Source "ChessBase"]
[SourceDate "2008.11.05"]
[SourceVersion "1"]
[SourceVersionDate "2008.11.05"]
[SourceQuality "1"]

1. d4 Nf6 2. c4 e6 3. Nf3 c6 4. Nc3 d5 5. Bg5 h6 6. Bxf6 Qxf6 7. e3 Nd7 8. Rc1 Qd8 9. Bd3 a6 10. 0-0 dxc4 11. Bxc4 b5 12. Bd3 Bb7 13. Qe2 c5 14. Rfd1 c4 15. Bb1 Bd6 16. Ne5 Nf6 17. a3 Qb6 18. f4 0-0 19. Rf1 Rfe8 20. Rcd1 Rad8 21. Qf2 Qc7 22. Qc2 Rc8 23. h3 h5 24. Kh2 g6 25. Qf2 Bf8 26. Qg3 Bg7 27. e4 Nh7 28. Nf3 Rcd8 29. e5 Rd7 30. Nh4 Red8 31. Ne2 Nf8 32. Qg5 Qb6 33. Qg3 a5 34. Ba2 Be4 35. Qe3 Bd3 36. Nf3 b4 37. Rf2 Bh6 38. Nc1 b3 1/2-1/2

[Event "Berlin Kreuzberg op 9th"]
[Site "Berlin"]
[Date "2008.07.24"]
[Round "6"]
[White "Sechting, Martin"]
[Black "Lueders, Gerhard"]
[Result "0-1"]
[WhiteElo "2100"]
[BlackElo "2237"]
[PlyCount "80"]
[EventDate "2008.07.19"]
[EventType "swiss"]
[EventRounds "9"]
[EventCountry "GER"]
[SourceTitle "EXT 2019"]
[Source "ChessBase"]
[SourceDate "2018.10.10"]
[SourceVersion "1"]
[SourceVersionDate "2018.10.10"]
[SourceQuality "1"]

1. d4 Nf6 2. c4 e6 3. Nf3 b6 4. g3 Bb7 5. Bg2 Bb4+ 6. Bd2 a5 7. 0-0 0-0 8. a3 Be7 9. Nc3 Ne4 10. Ne5 Nxd2 11. Bxb7 Ra7 12. Qxd2 Rxb7 13. d5 Qc8 14. Rfd1 d6 15. Nf3 e5 16. b4 Ra7 17. Nb5 Ra8 18. c5 bxc5 19. bxc5 Nd7 20. cxd6 cxd6 21. Rac1 Nc5 22. Nxe5 Qb7 23. Nc6 Nb3 24. Qe3 Qxb5 25. Nxe7+ Kh8 26. Rc3 a4 27. Nf5 Qd7 28. Qf4 Rae8 29. Rc6 Re5 30. e4 f6 31. Rxd6 Qb5 32. Qg4 g6 33. Nd4 Nxd4 34. Rxd4 Qc5 35. Rxa4 Qxd6 36. f4 Qc5+ 37. Kg2 Qc2+ 38. Kg1 Rh5 39. Rd4 Qxh2+ 40. Kf1 Qb2 0-1

[Event "Berlin Kreuzberg op 9th"]
[Site "Berlin"]
[Date "2008.07.20"]
[Round "2"]
[White "Weissenbach, Klaus"]
[Black "Lueders, Gerhard"]
[Result "0-1"]
[WhiteElo "2012"]
[BlackElo "2237"]
[PlyCount "162"]
[EventDate "2008.07.19"]
[EventType "swiss"]
[EventRounds "9"]
[EventCountry "GER"]
[SourceTitle "EXT 2019"]
[Source "ChessBase"]
[SourceDate "2018.10.10"]
[SourceVersion "1"]
[SourceVersionDate "2018.10.10"]
[SourceQuality "1"]

1. e4 c5 2. Nf3 d6 3. d4 cxd4 4. Nxd4 Nf6 5. Nc3 a6 6. f4 e6 7. Qf3 Qb6 8. Nb3 Qc7 9. Be3 b5 10. Bd3 Bb7 11. a3 Nbd7 12. 0-0 Be7 13. Rae1 Nc5 14. Bd4 0-0 15. Qg3 g6 16. e5 Nh5 17. Qe3 Rac8 18. Be2 Ng7 19. g4 Nxb3 20. cxb3 Rfd8 21. Bb6 Qc6 22. Bf3 d5 23. Bd4 b4 24. axb4 Bxb4 25. Rc1 Qd7 26. Na4 Rxc1 27. Rxc1 Rc8 28. Nb6 Rxc1+ 29. Qxc1 Qd8 30. Na4 Ne8 31. Nc3 Ba5 32. Qe3 Nc7 33. Be2 Qd7 34. Bd3 Bc6 35. f5 exf5 36. gxf5 Qe7 37. e6 f6 38. Qh6 Qg7 39. Qxg7+ Kxg7 40. Ne2 Bb5 41. Bxb5 axb5 42. Bc5 Na6 43. Bd6 Bc7 44. Bxc7 Nxc7 45. Nd4 Kf8 46. Kf2 Ke7 47. Ke3 Kd6 48. h4 gxf5 49. Nxf5+ Kxe6 50. Nd4+ Ke5 51. b4 h5 52. b3 Na6 53. Nxb5 f5 54. Nd4 f4+ 55. Kd3 Nxb4+ 56. Kc3 Ke4 57. Ne6 Nc6 58. Kd2 f3 59. Nc5+ Kf4 60. Nd3+ Kg3 61. Ke1 Kg2 62. Nf4+ Kg1 63. Nh3+ Kh2 64. Nf4 Kg3 65. Nd3 Kxh4 66. Kf2 Kg4 67. b4 Nd4 68. Ne5+ Kf4 69. Nd3+ Kg4 70. Ne5+ Kf5 71. Nd3 h4 72. Ke3 Nc6 73. b5 Ne5 74. Nf2 Ke6 75. Kd4 Nc4 76. Kc5 Ke5 77. b6 Nxb6 78. Kxb6 Kf4 79. Kc5 Kg3 80. Nd1 h3 81. Ne3 h2 0-1

[Event "Berlin-ch"]
[Site "Berlin"]
[Date "2008.03.29"]
[Round "8"]
[White "Vandre, Wolfgang"]
[Black "Lueders, Gerhard"]
[Result "1/2-1/2"]
[WhiteElo "2170"]
[BlackElo "2275"]
[PlyCount "40"]
[EventDate "2008.03.22"]
[EventType "swiss"]
[EventRounds "9"]
[EventCountry "GER"]
[SourceTitle "CBM 123 Extra"]
[Source "ChessBase"]
[SourceDate "2008.05.06"]
[SourceVersion "1"]
[SourceVersionDate "2008.05.06"]
[SourceQuality "1"]

1. d4 d5 2. c4 e6 3. Nc3 Nf6 4. Bg5 Nbd7 5. e3 Be7 6. Nf3 0-0 7. Rc1 c6 8. Bd3 Re8 9. 0-0 g6 10. Bf4 Nh5 11. cxd5 Nxf4 12. dxc6 Nh3+ 13. gxh3 bxc6 14. Be4 Bb7 15. Ne2 Qb6 16. Ng3 Nf6 17. Ne5 Nd5 18. b3 Ba3 19. Nc4 Qa6 20. Nxa3 Qxa3 1/2-1/2

[Event "Berlin-ch"]
[Site "Berlin"]
[Date "2008.03.27"]
[Round "6"]
[White "Lueders, Gerhard"]
[Black "Sondermann, Johannes"]
[Result "1-0"]
[WhiteElo "2275"]
[BlackElo "2171"]
[PlyCount "66"]
[EventDate "2008.03.22"]
[EventType "swiss"]
[EventRounds "9"]
[EventCountry "GER"]
[SourceTitle "CBM 123 Extra"]
[Source "ChessBase"]
[SourceDate "2008.05.06"]
[SourceVersion "1"]
[SourceVersionDate "2008.05.06"]
[SourceQuality "1"]

1. Nf3 f5 2. g3 Nf6 3. Bg2 g6 4. 0-0 Bg7 5. c4 0-0 6. Nc3 d6 7. d4 Qe8 8. d5 a5 9. Nd4 Na6 10. e4 fxe4 11. Nxe4 Nxe4 12. Bxe4 Nc5 13. Bg2 Bd7 14. Be3 c6 15. Qd2 e5 16. Nb3 Nxb3 17. axb3 Qd8 18. dxc6 Bxc6 19. Bd5+ Kh8 20. Rfd1 Bd7 21. Ra2 Re8 22. Be4 Bf5 23. Bxf5 gxf5 24. Qxd6 Qxd6 25. Rxd6 e4 26. Rd5 Re5 27. Rd7 Re6 28. Rxb7 Be5 29. Rb5 Rd8 30. Raxa5 Rd1+ 31. Kg2 f4 32. Rxe5 fxe3 33. Rxe6 e2 1-0